LEADER 01387nam a2200289 i 4500 001 000000366075 003 CaOOAMICUS 005 20260119172910.0 008 260119s1989 it u000 u ita u 040 $aSeMil$bita 110 2 $aChiesa Cattolica.$0(OLS)http://semarc/name/987 240 10$aLiturgia horarum.$0(OLS)http://semarc/title/457760 245 10$aLiturgia delle ore secondo il rito romano. 264 1$a[Cittą del Vaticano] :$bLibreria Editrice Vaticana,$crist. 1996. 300 $a4 v. ;$c18 cm. 500 $aIn testa al front.: Ufficio divino rinnovato a norma dei decreti del Concilio Ecumenico Vaticano 2. e promulgato da Paolo 6. 650 4$aLibri liturgici - Liturgia delle Ore - Rito romano.$0(OLS)http://semarc/subject/59247 710 2 $aConferenza Episcopale Italiana.$0(OLS)http://semarc/name/95789 774 0 $t1: Tempo di Avvento; Tempo di Natale.$w()366076 774 0 $t2: Tempo di Quaresima; Triduo pasquale; Tempo di Pasqua.$w()366077 774 0 $t3: Tempo ordinario, settimane 1.-17.$w()366078 774 0 $t4: Tempo ordinario, settimane 18.-34.$w()366079 910 2 $aSanta Sede. 996 $6245$aLiturgia delle ore secondo il rito romano$9(OLS)http://semarc/title/32409 996 $6264$a[Cittą del Vaticano] :$bLibreria Editrice Vaticana$9(OLS)http://semarc/publisher/33859 LEADER 01542nam a2200265 i 4500 001 000000259311 003 CaOOAMICUS 005 20230417121302.0 008 180730s2009 it u000 u lat u 020 $a88-7013-286-1 040 $aSeMil$bita 100 1 $aFrancesco : della Marca .$0(OLS)http://semarc/name/89362 245 10$aDistinctiones primi libri a vigesima nona ad quadragesimam octavam /$ccritice editum a Nazareno Mariani. 260 $aGrottaferrata (Roma) :$bEditiones Collegii S. Bonaventurae ad Claras Aquas,$c2009. 300 $a597 p. , [4] carte di tav. ;$c24 cm. 490 0 $aSpicilegium Bonaventurianum ;$v34 700 1 $aMariani, Nazareno .$0(OLS)http://semarc/name/89363 773 0 $aFrancesco : della Marca $tFrancisci de Marchia sive de Esculo Commentarius in 4. libros Sententiarum Petri Lombardi.$dGrottaferrata (Roma) : Editiones Collegii S. Bonaventurae ad Claras Aquas, 2003-2009.$kSpicilegium Bonaventurianum$g4$w()4726 830 0$aSpicilegium Bonaventurianum ;$v34.$0(OLS)http://semarc/title/542 850 $aSeMil 852 $aSeMil$W1$xVenegono$y1$m2N V 634$j209656$B209656$CSeMilBibl$Z2$F223315 $81 996 $6020$a88-7013-286-1$9(OLS)http://semarc/number/284983 996 $6245$aDistinctiones primi libri a vigesima nona ad quadragesimam octavam$9(OLS)http://semarc/title/414094 996 $6260$aGrottaferrata (Roma) :$bEditiones Collegii S. Bonaventurae ad Claras Aquas$9(OLS)http://semarc/publisher/42632